Green Day Songs - Sudden Death #4 - Statistics

General Stats
  • This quiz has been taken 46 times
  • The average score is 9 of 16
Answers on the Grid
Answers color-coded by a green-red scale on the quiz's grid according to % correct below.
'39
12:51
16
19
1979
1981
1999
2000 Light Years Away
21 Guns
21st Century Breakdown
409 in Your Coffeemaker
80
86
867-5309/Jenny
8th Avenue Serenade
9 to 5
99 Revolutions
Confessions Part II
Living in the '20's
Mambo No. 5
Nothing Compares 2 U
One Eyed Bastard
One for the Razorbacks
One for the Road
One Hundred Years
One More Night
One of My Lies
Seven Nation Army
Six Feet Under the Stars
Song 2
Sweet 16
Wild One
 
Answer Stats
Answer % Correct
21st Century Breakdown 21 Guns
86%
21st Century Breakdown 21st Century Breakdown
81%
Kerplunk 2000 Light Years Away
76%
Saviors One Eyed Bastard
70%
Insomniac 86
65%
Tre 99 Revolutions
65%
Kerplunk One for the Razorbacks
57%
39 / Smooth 16
51%
Saviors 1981
51%
Saviors Living in the '20's
49%
Kerplunk 80
46%
1,039 / Smoothed Out Slappy Hours 409 in Your Coffeemaker
43%
Tre 8th Avenue Serenade
43%
Kerplunk One of My Lies
43%
Uno Sweet 16
43%
Dos Wild One
38%
No matching quizzes found
Score Distribution
Percent of People with Each Score
Percentile by Number Answered
Your Score History
You have not taken this quiz